Mesa redonda sobre "Mujer y literatura" (Registro nro. 4950)

Detalles MARC
000 -LEADER
campo de control de longitud fija 01363njm a2200313 i 4500
001 - NÚMERO DE CONTROL
campo de control 4950
003 - IDENTIFICADOR DE NÚMERO DE CONTROL
campo de control ES-MaACL
005 - FECHA Y HORA DE LA ÚLTIMA TRANSACCIÓN
campo de control 20260320134354.0
007 - CAMPO FIJO DE DESCRIPCIÓN FÍSICA--INFORMACIÓN GENERAL
campo de control de longitud fija s|r|||||||||||
008 - DATOS DE LONGITUD FIJA--INFORMACIÓN GENERAL
campo de control de longitud fija 070903s1983 sp ||| g ||||||||1|nspa d
245 00 - MENCIÓN DEL TÍTULO
Título Mesa redonda sobre "Mujer y literatura"
Medio [Grabación sonora] /
Mención de responsabilidad, etc. intervienen Clara Janés, Pilar Palomo, Marta Portal, Fany Rubio y Hortensia Viñes ; moderadora Mabel Pérez-Serrano.
260 ## - PUBLICACIÓN, DISTRIBUCIÓN, ETC.
Lugar de publicación, distribución, etc. Madrid :
Nombre del editor, distribuidor, etc. Ateneo de Madrid,
Fecha de publicación, distribución, etc. 1983.
300 ## - DESCRIPCIÓN FÍSICA
Extensión 2 discos (CD-DA) (1 h. 29 min. 43 seg.) ;
Dimensiones 12 cm.
500 ## - NOTA GENERAL
Nota general Datos basados en la invitación.
518 ## - NOTA DE FECHA/HORA Y LUGAR DE UN ACONTECIMIENTO
Nota de fecha/hora y lugar de un acontecimiento Acto organizado por el Aula de la Mujer del Ateneo de Madrid, grabado en el salón de actos el miércoles 26 de enero de 1983, a las 20:00 h.
610 24 - PUNTO DE ACCESO ADICIONAL DE MATERIA--NOMBRE DE ENTIDAD CORPORATIVA
Nombre de entidad corporativa o nombre de jurisdicción como elemento de entrada Ateneo de Madrid-
Subdivisión general Actos culturales-
Subdivisión cronológica 1983-
Subdivisión de forma Grabaciones sonoras.
9 (RLIN) 1897
650 14 - PUNTO DE ACCESO ADICIONAL DE MATERIA--TÉRMINO DE MATERIA
Término de materia o nombre geográfico como elemento de entrada Mujeres-
Subdivisión general Creatividad.
9 (RLIN) 15262
700 1# - ENTRADA AGREGADA--NOMBRE PERSONAL
Nombre de persona Janés, Clara
9 (RLIN) 66012
700 1# - ENTRADA AGREGADA--NOMBRE PERSONAL
Nombre de persona Palomo, María del Pilar,
Fechas asociadas al nombre 1933-
9 (RLIN) 144616
700 1# - ENTRADA AGREGADA--NOMBRE PERSONAL
Nombre de persona Portal, Marta.
9 (RLIN) 93192
700 1# - ENTRADA AGREGADA--NOMBRE PERSONAL
Nombre de persona Rubio, Fanny,
Fechas asociadas al nombre 1949-
9 (RLIN) 100343
700 1# - ENTRADA AGREGADA--NOMBRE PERSONAL
Nombre de persona Viñes, Hortensia.
9 (RLIN) 115391
700 1# - ENTRADA AGREGADA--NOMBRE PERSONAL
Nombre de persona Pérez-Serrano, Mabel,
Fechas asociadas al nombre 1935-2007
9 (RLIN) 91159
710 2# - ENTRADA AGREGADA--NOMBRE DE ENTIDAD CORPORATIVA
Nombre de entidad corporativa o nombre de jurisdicción como elemento de entrada Ateneo de Madrid.
Unidad subordinada Aula de la Mujer.
9 (RLIN) 1939
852 ## - LOCALIZACIÓN
Ubicación ES-MaACL
Número de control de estantería ROT 5/4/7
itemnumber 5067
Ubicación en estantería Rotativo
852 ## - LOCALIZACIÓN
Ubicación ES-MaACL
Número de control de estantería ROT 5/4/8
itemnumber 203642
Ubicación en estantería Rotativo
942 ## - ELEMENTOS DE ENTRADA SECUNDARIOS (KOHA)
Fuente del sistema de clasificación o colocación Clasificación decimal universal
Existencias
Estatus retirado Estado de pérdida Fuente del sistema de clasificación o colocación Estado de daño No para préstamo Colección Biblioteca de origen Biblioteca actual Ubicación en estantería Fecha de adquisición Total de préstamos Signatura topográfica completa Código de barras Visto por última vez Precio de reemplazo Tipo de ítem Koha
    Clasificación decimal universal     Archivo de la palabra Biblioteca del Ateneo de Madrid Biblioteca del Ateneo de Madrid Rotativo 17/01/2008   ROT 5/4/7 1005013 23/02/2023 23/02/2023 Archivo de ordenador en CD-ROM, CD o disquete
    Clasificación decimal universal     Archivo de la palabra Biblioteca del Ateneo de Madrid Biblioteca del Ateneo de Madrid Rotativo 17/01/2008   ROT 5/4/8   18/06/2024 23/02/2023 Archivo de ordenador en CD-ROM, CD o disquete